| 000 | 00486nam a2200181Ia 4500 | ||
|---|---|---|---|
| 003 | OSt | ||
| 005 | 20201120135622.0 | ||
| 008 | 190216s9999||||xx |||||||||||||| ||und|| | ||
| 020 | _a9788130000978 | ||
| 040 | _coclc | ||
| 082 |
_a894.8123 _bWAR/A |
||
| 100 |
_aWarrier, Sasi _96826 |
||
| 245 | 0 |
_aAnali / _cSasi Warrier |
|
| 260 |
_bPoorna Pubs, _aKozhikode: _c2004. |
||
| 300 | _a343p | ||
| 650 | _aNovel | ||
| 942 |
_cBK _2ddc _h894.8123 _iWAR/A _k894.8123 _mWAR/A |
||
| 999 |
_c28358 _d28358 |
||